[Event "Test Tournament"]
[Site "Emanuel Lasker Arena"]
[Date "2024.04.09"]
[Round "3"]
[White "Bauernklopper"]
[Black "Lord Grantham"]
[Result "*"]
[WhiteElo "1620"]
[BlackElo "1766"]
[Annotator "NA RC"]
[PlyCount "38"]
[EventDate "2024.04.09"]
[EventType "swiss (blitz)"]

{Lord Grantham resigns Bauernklopper resigns} 1. d4 {[%emt 0:00:01]} Nf6 {[%emt 0:00:01]} 2. c4 {[%emt 0:00:01]} e6 {[%emt 0:00:01]} 3. g3 {[%emt 0:00:01]} d5 {[%emt 0:00:01]} 4. Bg2 {[%emt 0:00:01]} Bb4+ {[%emt 0:00:01]} 5. Nd2 {[%emt 0:00:01]} O-O {[%emt 0:00:01]} 6. Ngf3 {[%emt 0:00:01]} b6 {[%emt 0:00:01]} 7. O-O {[%emt 0:00:01]} Bb7 {[%emt 0:00:01]} 8. Ne5 {[%emt 0:00:01]} a5 {[%emt 0:00:01]} 9. Qc2 {[%emt 0:00:00]} c5 {[%emt 0:00:04]} 10. a3 {[%emt 0:00:01]} Bxd2 {[%emt 0:00:01]} 11. Qxd2 {[%emt 0:00:01]} Qc7 {[%emt 0:00:04]} 12. Qf4 {[%emt 0:00:01]} dxc4 {[%emt 0:00:03]} 13. Nxc4 {[%emt 0:00:01]} Qxf4 {[%emt 0:00:04]} 14. Bxf4 {[%emt 0:00:01]} Bxg2 {[%emt 0:00:01]} 15. Kxg2 {[%emt 0:00:01]} Nd5 {[%emt 0:00:01]} 16. Bxb8 {[%emt 0:00:05]} Raxb8 {[%emt 0:00:01]} 17. dxc5 {[%emt 0:00:01]} bxc5 {[%emt 0:00:01]} 18. Nxa5 {[%emt 0:00:04]} Rxb2 {[%emt 0:00:01]} 19. Rac1 {[%emt 0:00:03]} Rc8 {[%emt 0:00:01]} *

[Event "Test Tournament"]
[Site "Emanuel Lasker Arena"]
[Date "2024.04.09"]
[Round "3"]
[White "Ceres"]
[Black "Botwinzig"]
[Result "1/2-1/2"]
[WhiteElo "1620"]
[BlackElo "1810"]
[Annotator "NA RC"]
[PlyCount "56"]
[EventDate "2024.04.09"]
[EventType "swiss (blitz)"]

1. d4 {[%emt 0:00:02]} Nf6 {[%emt 0:00:01]} 2. Bf4 {[%emt 0:00:02]} d5 {[%emt 0:00:01]} 3. Nc3 {[%emt 0:00:01]} e6 {[%emt 0:00:02]} 4. e3 {[%emt 0:00:02]} a6 {[%emt 0:00:05]} 5. Be2 {[%emt 0:00:01]} Bd6 {[%emt 0:00:01]} 6. Bg3 {[%emt 0:00:02]} c5 {[%emt 0:00:04]} 7. Bxd6 {[%emt 0:00:04]} Qxd6 {[%emt 0:00:01]} 8. Qb1 {[%emt 0:00:04]} e5 {[%emt 0:00:08]} 9. a3 {[%emt 0:00:04]} exd4 {[%emt 0:00:02]} 10. exd4 {[%emt 0:00:01]} cxd4 {[%emt 0:00:01]} 11. Na2 {[%emt 0:00:03]} Bf5 {[%emt 0:00:03]} 12. g3 {[%emt 0:00:03]} O-O {[%emt 0:00:03]} 13. Qc1 {[%emt 0:00:03]} Ng4 {[%emt 0:00:03]} 14. Nh3 {[%emt 0:00:02]} Re8 {[%emt 0:00:02]} 15. Qd2 {[%emt 0:00:02]} d3 {[%emt 0:00:02]} 16. cxd3 {[%emt 0:00:02]} Nc6 {[%emt 0:00:02]} 17. O-O {[%emt 0:00:02]} Nd4 {[%emt 0:00:02]} 18. Bxg4 {[%emt 0:00:02]} Bxg4 {[%emt 0:00:01]} 19. Qb4 {[%emt 0:00:02]} Qxb4 {[%emt 0:00:01]} 20. Nxb4 {[%emt 0:00:01]} Bxh3 {[%emt 0:00:01]} 21. Na2 {[%emt 0:00:01]} Bxf1 {[%emt 0:00:01]} 22. Kxf1 {[%emt 0:00:01]} Re2 {[%emt 0:00:02]} 23. Kg1 {[%emt 0:00:01]} Rxb2 {[%emt 0:00:02]} 24. Nc1 {[%emt 0:00:01]} Nf3+ {[%emt 0:00:01]} 25. Kg2 {[%emt 0:00:01]} Ne1+ {[%emt 0:00:01]} 26. Kg1 {[%emt 0:00:01]} Nf3+ {[%emt 0:00:01]} 27. Kg2 {[%emt 0:00:01]} Ne1+ {[%emt 0:00:01]} 28. Kg1 {[%emt 0:00:01]} Nf3+ {[%emt 0:00:01] (Lag: Av=0.06s, max=0.1s)} 1/2-1/2

[Event "Test Tournament"]
[Site "Emanuel Lasker Arena"]
[Date "2024.04.09"]
[Round "3"]
[White "Churchill"]
[Black "Botany"]
[Result "0-1"]
[WhiteElo "1620"]
[BlackElo "1553"]
[Annotator "NA RC"]
[PlyCount "38"]
[EventDate "2024.04.09"]
[EventType "swiss (blitz)"]
[TimeControl "60"]

1. c4 {[%emt 0:00:02]} e6 {[%emt 0:00:01]} 2. Nf3 {[%emt 0:00:02]} d5 {[%emt 0:00:02]} 3. g3 {[%emt 0:00:02]} Nf6 {[%emt 0:00:01]} 4. Bg2 {[%emt 0:00:01]} dxc4 {[%emt 0:00:01]} 5. Qa4+ {[%emt 0:00:01]} Nbd7 {[%emt 0:00:01]} 6. Qxc4 {[%emt 0:00:01]} c5 {[%emt 0:00:01]} 7. d4 {[%emt 0:00:01]} Nd5 {[%emt 0:00:01]} 8. Bd2 {[%emt 0:00:02]} cxd4 {[%emt 0:00:03]} 9. Nxd4 {[%emt 0:00:02]} h5 {[%emt 0:00:01]} 10. O-O {[%emt 0:00:04]} Bc5 {[%emt 0:00:01]} 11. Bxd5 {[%emt 0:00:03]} exd5 {[%emt 0:00:01]} 12. Qxd5 {[%emt 0:00:02]} O-O {[%emt 0:00:04]} 13. Na3 {[%emt 0:00:02]} Qb6 {[%emt 0:00:04]} 14. Nab5 {[%emt 0:00:07]} Re8 {[%emt 0:00:04]} 15. a4 {[%emt 0:00:03]} Ne5 {[%emt 0:00:03]} 16. Ba5 {[%emt 0:00:02]} Qxa5 {[%emt 0:00:01]} 17. Qxc5 {[%emt 0:00:01]} Bg4 {[%emt 0:00:03]} 18. b4 {[%emt 0:00:02]} Rac8 {[%emt 0:00:03]} 19. e4 {[%emt 0:00:21] .} Rxc5 {[%emt 0:00:02]} 0-1

[Event "Test Tournament"]
[Site "Emanuel Lasker Arena"]
[Date "2024.04.09"]
[Round "3"]
[White "Einpassant"]
[Black "Triskaidekaphobe"]
[Result "0-1"]
[WhiteElo "1620"]
[BlackElo "1620"]
[Annotator "NA RC"]
[PlyCount "68"]
[EventDate "2024.04.09"]
[EventType "swiss (blitz)"]

1. c4 {[%emt 0:00:01]} c6 {[%emt 0:00:01]} 2. Nf3 {[%emt 0:00:01]} d5 {[%emt 0:00:01]} 3. e3 {[%emt 0:00:01]} Nf6 {[%emt 0:00:01]} 4. Nc3 {[%emt 0:00:01]} a6 {[%emt 0:00:01]} 5. Qc2 {[%emt 0:00:01]} g6 {[%emt 0:00:01]} 6. b3 {[%emt 0:00:01]} Bg7 {[%emt 0:00:01]} 7. Bb2 {[%emt 0:00:01]} Bf5 {[%emt 0:00:01]} 8. d3 {[%emt 0:00:01]} O-O {[%emt 0:00:04]} 9. Be2 {[%emt 0:00:01]} Nbd7 {[%emt 0:00:04]} 10. O-O {[%emt 0:00:03]} Qa5 {[%emt 0:00:04]} 11. Nd4 {[%emt 0:00:04]} Bg4 {[%emt 0:00:03]} 12. f4 {[%emt 0:00:04]} e5 {[%emt 0:00:03]} 13. fxe5 {[%emt 0:00:03]} Nxe5 {[%emt 0:00:01]} 14. a4 {[%emt 0:00:03]} c5 {[%emt 0:00:03]} 15. Rxf6 {[%emt 0:00:03]} dxc4 {[%emt 0:00:03]} 16. Nd5 {[%emt 0:00:03]} cxd3 {[%emt 0:00:01]} 17. Bxd3 {[%emt 0:00:01]} cxd4 {[%emt 0:00:01]} 18. Rd6 {[%emt 0:00:02]} Rad8 {[%emt 0:00:02]} 19. Nf6+ {[%emt 0:00:02]} Bxf6 {[%emt 0:00:01]} 20. Rxf6 {[%emt 0:00:01]} dxe3 {[%emt 0:00:01]} 21. Be2 {[%emt 0:00:02]} Rd2 {[%emt 0:00:02]} 22. Qe4 {[%emt 0:00:03]} Rxb2 {[%emt 0:00:01]} 23. Bxg4 {[%emt 0:00:01]} Rxb3 {[%emt 0:00:01]} 24. Be2 {[%emt 0:00:01]} Qc3 {[%emt 0:00:02]} 25. Rd1 {[%emt 0:00:01]} Rb2 {[%emt 0:00:02]} 26. Bf1 {[%emt 0:00:01]} Ng4 {[%emt 0:00:02]} 27. Rf4 {[%emt 0:00:01]} h5 {[%emt 0:00:01]} 28. Bc4 {[%emt 0:00:01]} Qc2 {[%emt 0:00:01]} 29. Rdf1 {[%emt 0:00:01]} e2 {[%emt 0:00:02]} 30. Re1 {[%emt 0:00:01]} g5 {[%emt 0:00:01]} 31. Bxf7+ {[%emt 0:00:01]} Kg7 {[%emt 0:00:01]} 32. Qe7 {[%emt 0:00:01]} Qd2 {[%emt 0:00:01]} 33. a5 {[%emt 0:00:02]} Qxe1+ {[%emt 0:00:01]} 34. Rf1 {[%emt 0:00:00]} exf1=Q# {[%emt 0:00:00] (Lag: Av=0.07s, max=0.5s)} 0-1

[Event "Test Tournament"]
[Site "Emanuel Lasker Arena"]
[Date "2024.04.09"]
[Round "3"]
[White "Encheladus"]
[Black "Zimtowitch"]
[Result "1-0"]
[WhiteElo "1620"]
[BlackElo "1896"]
[Annotator "NA RC"]
[PlyCount "65"]
[EventDate "2024.04.09"]
[EventType "swiss (blitz)"]

1. d4 {[%emt 0:00:01]} Nf6 {[%emt 0:00:01]} 2. c4 {[%emt 0:00:01]} e6 {[%emt 0:00:01]} 3. Nf3 {[%emt 0:00:01]} d5 {[%emt 0:00:01]} 4. Nc3 {[%emt 0:00:01]} c5 {[%emt 0:00:01]} 5. cxd5 {[%emt 0:00:01]} cxd4 {[%emt 0:00:01]} 6. Nxd4 {[%emt 0:00:01]} Nxd5 {[%emt 0:00:01]} 7. Nxd5 {[%emt 0:00:01]} Qxd5 {[%emt 0:00:01]} 8. Qc2 {[%emt 0:00:01]} Bd7 {[%emt 0:00:04]} 9. Nf3 {[%emt 0:00:01]} Bb4+ {[%emt 0:00:02]} 10. Bd2 {[%emt 0:00:04]} Na6 {[%emt 0:00:04]} 11. Qd3 {[%emt 0:00:04]} Bd6 {[%emt 0:00:06]} 12. Ng5 {[%emt 0:00:04]} Rc8 {[%emt 0:00:03]} 13. e4 {[%emt 0:00:04]} Qc5 {[%emt 0:00:04]} 14. Rc1 {[%emt 0:00:03]} Nb4 {[%emt 0:00:13]} 15. Qb3 {[%emt 0:00:04]} Nc2+ {[%emt 0:00:02]} 16. Kd1 {[%emt 0:00:01]} Qxf2 {[%emt 0:00:00]} 17. Rxc2 {[%emt 0:00:01]} O-O {[%emt 0:00:01]} 18. g3 {[%emt 0:00:02]} Be5 {[%emt 0:00:01]} 19. Be2 {[%emt 0:00:02]} h6 {[%emt 0:00:01]} 20. Nf3 {[%emt 0:00:02]} Qg2 {[%emt 0:00:01]} 21. Re1 {[%emt 0:00:02]} Bf6 {[%emt 0:00:01]} 22. Rxc8 {[%emt 0:00:01]} Rxc8 {[%emt 0:00:01]} 23. Qxb7 {[%emt 0:00:02]} Ba4+ {[%emt 0:00:01]} 24. b3 {[%emt 0:00:01]} Rd8 {[%emt 0:00:02]} 25. bxa4 {[%emt 0:00:01]} Bc3 {[%emt 0:00:01]} 26. Kc2 {[%emt 0:00:01]} Rd3 {[%emt 0:00:01]} 27. Qc8+ {[%emt 0:00:01]} Kh7 {[%emt 0:00:01]} 28. Bxd3 {[%emt 0:00:01]} Qxf3 {[%emt 0:00:01]} 29. Bxc3 {[%emt 0:00:01]} a6 {[%emt 0:00:01]} 30. Re2 {[%emt 0:00:01]} Kg6 {[%emt 0:00:01]} 31. e5+ {[%emt 0:00:01]} Kh5 {[%emt 0:00:01]} 32. Qxa6 {[%emt 0:00:01]} g5 {[%emt 0:00:01] '} 33. Kb2 {[%emt 0:00:01] (Lag: Av=0.05s, max=0.1s)} 1-0

[Event "Test Tournament"]
[Site "Emanuel Lasker Arena"]
[Date "2024.04.09"]
[Round "3"]
[White "Endspielexperte"]
[Black "CarlsenVomFach"]
[Result "0-1"]
[WhiteElo "1620"]
[BlackElo "2230"]
[Annotator "RC"]
[PlyCount "54"]
[EventDate "2024.04.09"]
[EventType "swiss (blitz)"]

1. d4 {[%emt 0:00:01]} Nf6 {[%emt 0:00:01]} 2. c4 {[%emt 0:00:01]} c5 {[%emt 0:00:01]} 3. d5 {[%emt 0:00:01]} b5 {[%emt 0:00:01]} 4. cxb5 {[%emt 0:00:01]} a6 {[%emt 0:00:01]} 5. bxa6 {[%emt 0:00:01]} Bxa6 {[%emt 0:00:01]} 6. Nc3 {[%emt 0:00:01]} d6 {[%emt 0:00:01]} 7. e4 {[%emt 0:00:01]} Bxf1 {[%emt 0:00:01]} 8. Kxf1 {[%emt 0:00:01]} g6 {[%emt 0:00:01]} 9. Nf3 {[%emt 0:00:01]} Bg7 {[%emt 0:00:01]} 10. h3 {[%emt 0:00:01]} O-O {[%emt 0:00:01]} 11. Kg1 {[%emt 0:00:04]} Nbd7 {[%emt 0:00:01]} 12. Kh2 {[%emt 0:00:04]} Qa5 {[%emt 0:00:01]} 13. Re1 {[%emt 0:00:01]} Rfb8 {[%emt 0:00:01]} 14. Re2 {[%emt 0:00:01]} Ne8 {[%emt 0:00:01]} 15. Rc2 {[%emt 0:00:01]} Nc7 {[%emt 0:00:01]} 16. Bg5 {[%emt 0:00:01]} e6 {[%emt 0:00:01]} 17. dxe6 {[%emt 0:00:03]} Nxe6 {[%emt 0:00:01]} 18. Qxd6 {[%emt 0:00:01]} Nd4 {[%emt 0:00:00]} 19. b4 {[%emt 0:00:01]} cxb4 {[%emt 0:00:01]} 20. Nxd4 {[%emt 0:00:01]} Be5+ {[%emt 0:00:01]} 21. f4 {[%emt 0:00:03]} Bxd6 {[%emt 0:00:01]} 22. Nd5 {[%emt 0:00:04]} Qa4 {[%emt 0:00:04]} 23. Rc6 {[%emt 0:00:02]} Bc5 {[%emt 0:00:04]} 24. Bf6 {[%emt 0:00:02]} Bxd4 {[%emt 0:00:01]} 25. Bxd4 {[%emt 0:00:01]} b3 {[%emt 0:00:03]} 26. Rd6 {[%emt 0:00:01]} b2 {[%emt 0:00:01]} 27. Rb1 {[%emt 0:00:01]} Qxa2 {[%emt 0:00:01] Endspielexperte resigns (Lag: Av=0.10s, max=0.7s)} 0-1

[Event "Test Tournament"]
[Site "Emanuel Lasker Arena"]
[Date "2024.04.09"]
[Round "3"]
[White "Karpovs Shadow"]
[Black "Schachmatz"]
[Result "1-0"]
[WhiteElo "1620"]
[BlackElo "1620"]
[Annotator "NA RC"]
[PlyCount "55"]
[EventDate "2024.04.09"]
[EventType "swiss (blitz)"]

1. c4 {[%emt 0:00:01]} Nf6 {[%emt 0:00:02]} 2. Nc3 {[%emt 0:00:01]} g6 {[%emt 0:00:01]} 3. e4 {[%emt 0:00:01]} d6 {[%emt 0:00:01]} 4. d4 {[%emt 0:00:01]} Bg7 {[%emt 0:00:01]} 5. h3 {[%emt 0:00:01]} O-O {[%emt 0:00:01]} 6. Nf3 {[%emt 0:00:01]} e5 {[%emt 0:00:01]} 7. dxe5 {[%emt 0:00:01]} dxe5 {[%emt 0:00:01]} 8. Be3 {[%emt 0:00:01]} Nc6 {[%emt 0:00:08]} 9. a3 {[%emt 0:00:04]} Be6 {[%emt 0:00:01]} 10. b4 {[%emt 0:00:01]} Qxd1+ {[%emt 0:00:01]} 11. Rxd1 {[%emt 0:00:01]} h6 {[%emt 0:00:03]} 12. b5 {[%emt 0:00:04]} g5 {[%emt 0:00:13]} 13. bxc6 {[%emt 0:00:01]} bxc6 {[%emt 0:00:01]} 14. Nxe5 {[%emt 0:00:01]} h5 {[%emt 0:00:02]} 15. Bxg5 {[%emt 0:00:01]} Nh7 {[%emt 0:00:02]} 16. Bf4 {[%emt 0:00:01]} f5 {[%emt 0:00:02]} 17. c5 {[%emt 0:00:06]} a5 {[%emt 0:00:02]} 18. g3 {[%emt 0:00:03]} Bb3 {[%emt 0:00:01]} 19. Rd7 {[%emt 0:00:03]} Rfd8 {[%emt 0:00:01]} 20. Rxc7 {[%emt 0:00:03]} Rd4 {[%emt 0:00:01]} 21. Nxc6 {[%emt 0:00:02]} Rxe4+ {[%emt 0:00:01]} 22. Nxe4 {[%emt 0:00:01]} fxe4 {[%emt 0:00:01]} 23. Bb5 {[%emt 0:00:02]} e3 {[%emt 0:00:02]} 24. Bxe3 {[%emt 0:00:02]} Bc3+ {[%emt 0:00:02]} 25. Bd2 {[%emt 0:00:02]} Ng5 {[%emt 0:00:02]} 26. Bxc3 {[%emt 0:00:02]} Kf8 {[%emt 0:00:01]} 27. O-O {[%emt 0:00:01]} Nf3+ {[%emt 0:00:02]} 28. Kg2 {[%emt 0:00:01] Time ' (Lag: Av=0.07s, max=0.6s)} 1-0

[Event "Test Tournament"]
[Site "Emanuel Lasker Arena"]
[Date "2024.04.09"]
[Round "3"]
[White "Klaus Junge"]
[Black "Stachelrochade"]
[Result "0-1"]
[WhiteElo "1620"]
[BlackElo "1620"]
[Annotator "NA RC"]
[PlyCount "90"]
[EventDate "2024.04.09"]
[EventType "swiss (blitz)"]

1. e4 {[%emt 0:00:01]} e5 {[%emt 0:00:01]} 2. Nf3 {[%emt 0:00:01]} Nc6 {[%emt 0:00:01]} 3. Bb5 {[%emt 0:00:01]} Nf6 {[%emt 0:00:01]} 4. Nc3 {[%emt 0:00:01]} Bb4 {[%emt 0:00:01]} 5. Bc4 {[%emt 0:00:01]} Bc5 {[%emt 0:00:01]} 6. d3 {[%emt 0:00:01]} h6 {[%emt 0:00:01]} 7. h3 {[%emt 0:00:01]} a6 {[%emt 0:00:01]} 8. O-O {[%emt 0:00:05]} d6 {[%emt 0:00:01]} 9. a3 {[%emt 0:00:04]} O-O {[%emt 0:00:04]} 10. Be3 {[%emt 0:00:04]} Bxe3 {[%emt 0:00:01]} 11. fxe3 {[%emt 0:00:01]} Be6 {[%emt 0:00:04]} 12. Nd2 {[%emt 0:00:00]} Bxc4 {[%emt 0:00:01]} 13. Nxc4 {[%emt 0:00:01]} b5 {[%emt 0:00:03]} 14. Nd2 {[%emt 0:00:03]} Ne7 {[%emt 0:00:03]} 15. g4 {[%emt 0:00:03]} d5 {[%emt 0:00:03]} 16. Qf3 {[%emt 0:00:03]} Qd6 {[%emt 0:00:03]} 17. h4 {[%emt 0:00:03]} d4 {[%emt 0:00:03]} 18. exd4 {[%emt 0:00:02]} exd4 {[%emt 0:00:01]} 19. Ne2 {[%emt 0:00:02]} c5 {[%emt 0:00:02]} 20. g5 {[%emt 0:00:02]} Nh7 {[%emt 0:00:02]} 21. e5 {[%emt 0:00:02]} Qc6 {[%emt 0:00:01]} 22. Ne4 {[%emt 0:00:02]} Kh8 {[%emt 0:00:02]} 23. b4 {[%emt 0:00:01]} Qe6 {[%emt 0:00:02]} 24. Nd6 {[%emt 0:00:01]} f5 {[%emt 0:00:02]} 25. gxf6 {[%emt 0:00:01]} Qxe5 {[%emt 0:00:01]} 26. Nf7+ {[%emt 0:00:01]} Rxf7 {[%emt 0:00:01]} 27. Qxa8+ {[%emt 0:00:01]} Rf8 {[%emt 0:00:01]} 28. f7 {[%emt 0:00:02]} Qe3+ {[%emt 0:00:01]} 29. Kh1 {[%emt 0:00:01]} Qh3+ {[%emt 0:00:01]} 30. Kg1 {[%emt 0:00:01]} Rxa8 {[%emt 0:00:01]} 31. Nf4 {[%emt 0:00:01]} Qf5 {[%emt 0:00:01]} 32. Ng2 {[%emt 0:00:01]} Qc8 {[%emt 0:00:01]} 33. Rae1 {[%emt 0:00:01]} Ng8 {[%emt 0:00:02]} 34. Re8 {[%emt 0:00:01]} Qxe8 {[%emt 0:00:01]} 35. fxe8=N {[%emt 0:00:00]} Rxe8 {[%emt 0:00:01]} 36. bxc5 {[%emt 0:00:00]} Rf8 {[%emt 0:00:01]} 37. Nf4 {[%emt 0:00:01]} Ne7 {[%emt 0:00:01]} 38. c6 {[%emt 0:00:00]} Nxc6 {[%emt 0:00:00]} 39. Ng6+ {[%emt 0:00:00]} Kg8 {[%emt 0:00:01]} 40. Nxf8 {[%emt 0:00:00]} Nxf8 {[%emt 0:00:00]} 41. Rf5 {[%emt 0:00:00]} Ne6 {[%emt 0:00:01]} 42. Rd5 {[%emt 0:00:01]} Nf4 {[%emt 0:00:01]} 43. Rd6 {[%emt 0:00:01]} Ne5 {[%emt 0:00:00]} 44. Rxa6 {[%emt 0:00:01]} Nf3+ {[%emt 0:00:01]} 45. Kf2 {[%emt 0:00:01] .} Nxh4 {[%emt 0:00:00]} 0-1

[Event "Test Tournament"]
[Site "Emanuel Lasker Arena"]
[Date "2024.04.09"]
[Round "3"]
[White "Klaus Junge"]
[Black "Zimtowitch"]
[Result "*"]
[WhiteElo "1620"]
[BlackElo "1896"]
[Annotator "NA RC"]
[PlyCount "43"]
[EventDate "2024.04.09"]
[EventType "swiss (blitz)"]

{Zimtowitch resigns Klaus Junge resigns} 1. e4 {[%emt 0:00:01]} c5 {[%emt 0:00:01]} 2. Nf3 {[%emt 0:00:01]} Nc6 {[%emt 0:00:01]} 3. d4 {[%emt 0:00:01]} cxd4 {[%emt 0:00:01]} 4. Nxd4 {[%emt 0:00:01]} Nf6 {[%emt 0:00:01]} 5. Nc3 {[%emt 0:00:01]} e5 {[%emt 0:00:01]} 6. Ndb5 {[%emt 0:00:01]} d6 {[%emt 0:00:01]} 7. Bg5 {[%emt 0:00:01]} a6 {[%emt 0:00:01]} 8. Na3 {[%emt 0:00:00]} b5 {[%emt 0:00:01]} 9. Nd5 {[%emt 0:00:01]} Be7 {[%emt 0:00:01]} 10. Bxf6 {[%emt 0:00:01]} Bxf6 {[%emt 0:00:01]} 11. c4 {[%emt 0:00:01]} b4 {[%emt 0:00:01]} 12. Nc2 {[%emt 0:00:01]} O-O {[%emt 0:00:01]} 13. g3 {[%emt 0:00:01]} a5 {[%emt 0:00:01]} 14. h4 {[%emt 0:00:01]} Be6 {[%emt 0:00:01]} 15. Bh3 {[%emt 0:00:01]} a4 {[%emt 0:00:01]} 16. Kf1 {[%emt 0:00:01]} b3 {[%emt 0:00:01]} 17. Nce3 {[%emt 0:00:01]} Nd4 {[%emt 0:00:03]} 18. axb3 {[%emt 0:00:02]} Nxb3 {[%emt 0:00:01]} 19. Ra3 {[%emt 0:00:03]} Ra5 {[%emt 0:00:04]} 20. Qh5 {[%emt 0:00:04]} g6 {[%emt 0:00:03]} 21. Qd1 {[%emt 0:00:03]} h5 {[%emt 0:00:03]} 22. Qe1 {[%emt 0:00:01]} *

[Event "Test Tournament"]
[Site "Emanuel Lasker Arena"]
[Date "2024.04.09"]
[Round "3"]
[White "Melancholia"]
[Black "Sauerbruch"]
[Result "0-1"]
[WhiteElo "1620"]
[BlackElo "1620"]
[Annotator "NA RC"]
[PlyCount "84"]
[EventDate "2024.04.09"]
[EventType "swiss (blitz)"]

1. d4 {[%emt 0:00:01]} f5 {[%emt 0:00:01]} 2. g3 {[%emt 0:00:01]} Nf6 {[%emt 0:00:01]} 3. Bg2 {[%emt 0:00:01]} g6 {[%emt 0:00:01]} 4. Nf3 {[%emt 0:00:01]} Bg7 {[%emt 0:00:01]} 5. O-O {[%emt 0:00:01]} O-O {[%emt 0:00:01]} 6. b3 {[%emt 0:00:01]} d6 {[%emt 0:00:05]} 7. Bb2 {[%emt 0:00:02]} Ne4 {[%emt 0:00:04]} 8. Nc3 {[%emt 0:00:01]} d5 {[%emt 0:00:03]} 9. Ne5 {[%emt 0:00:02]} c6 {[%emt 0:00:03]} 10. a4 {[%emt 0:00:04]} Qb6 {[%emt 0:00:03]} 11. Qd3 {[%emt 0:00:04]} g5 {[%emt 0:00:03]} 12. Ba3 {[%emt 0:00:03]} g4 {[%emt 0:00:03]} 13. Bxe7 {[%emt 0:00:01]} Re8 {[%emt 0:00:03]} 14. Nxe4 {[%emt 0:00:01]} fxe4 {[%emt 0:00:01]} 15. Bxe4 {[%emt 0:00:01]} dxe4 {[%emt 0:00:01]} 16. Qc4+ {[%emt 0:00:01]} Kh8 {[%emt 0:00:01]} 17. Nf7+ {[%emt 0:00:02]} Kg8 {[%emt 0:00:01]} 18. Nd6+ {[%emt 0:00:01]} Kh8 {[%emt 0:00:01]} 19. Nxe8 {[%emt 0:00:01]} Qxd4 {[%emt 0:00:00]} 20. Qxd4 {[%emt 0:00:01]} Bxd4 {[%emt 0:00:01]} 21. Rad1 {[%emt 0:00:03]} c5 {[%emt 0:00:02]} 22. c3 {[%emt 0:00:03]} Nc6 {[%emt 0:00:02]} 23. Nd6 {[%emt 0:00:03]} Be6 {[%emt 0:00:01]} 24. cxd4 {[%emt 0:00:02]} Nxe7 {[%emt 0:00:01]} 25. dxc5 {[%emt 0:00:01]} a5 {[%emt 0:00:02]} 26. c6 {[%emt 0:00:02]} Nxc6 {[%emt 0:00:01]} 27. Nxb7 {[%emt 0:00:01]} Rb8 {[%emt 0:00:01]} 28. Nd6 {[%emt 0:00:02]} Ne5 {[%emt 0:00:02]} 29. Rd4 {[%emt 0:00:01]} Bxb3 {[%emt 0:00:01]} 30. Rxe4 {[%emt 0:00:01]} Nc6 {[%emt 0:00:02]} 31. Rxg4 {[%emt 0:00:01]} Ne5 {[%emt 0:00:02]} 32. Rg5 {[%emt 0:00:01]} Nc6 {[%emt 0:00:00]} 33. f4 {[%emt 0:00:02]} h6 {[%emt 0:00:01]} 34. Rh5 {[%emt 0:00:01]} Kg8 {[%emt 0:00:01]} 35. Rxh6 {[%emt 0:00:01]} Nd4 {[%emt 0:00:01]} 36. e4 {[%emt 0:00:01]} Bxa4 {[%emt 0:00:01]} 37. Rh5 {[%emt 0:00:01]} Ra8 {[%emt 0:00:01]} 38. Rc1 {[%emt 0:00:01]} Ne2+ {[%emt 0:00:00]} 39. Kg2 {[%emt 0:00:01]} Nxc1 {[%emt 0:00:00]} 40. h4 {[%emt 0:00:01]} Bd1 {[%emt 0:00:01]} 41. Rg5+ {[%emt 0:00:01]} Kh8 {[%emt 0:00:01]} 42. Rc5 {[%emt 0:00:01]} Nd3 {[%emt 0:00:01] Time (Lag: Av=0.08s, max=0.5s) .} 0-1

[Event "Test Tournament"]
[Site "Emanuel Lasker Arena"]
[Date "2024.04.09"]
[Round "3"]
[White "Melancholia"]
[Black "Daenerys"]
[Result "0-1"]
[WhiteElo "1620"]
[BlackElo "1922"]
[Annotator "RC"]
[PlyCount "54"]
[EventDate "2024.04.09"]
[EventType "swiss (blitz)"]

1. c4 {[%emt 0:00:00]} e5 {[%emt 0:00:01]} 2. Nc3 {[%emt 0:00:01]} Nc6 {[%emt 0:00:01]} 3. g3 {[%emt 0:00:04]} g6 {[%emt 0:00:02]} 4. Bg2 {[%emt 0:00:08]} Bg7 {[%emt 0:00:01]} 5. d3 {[%emt 0:00:01]} d6 {[%emt 0:00:01]} 6. e4 {[%emt 0:00:01]} f5 {[%emt 0:00:01]} 7. Nge2 {[%emt 0:00:01]} Be6 {[%emt 0:00:01]} 8. b4 {[%emt 0:00:01]} Nxb4 {[%emt 0:00:01]} 9. exf5 {[%emt 0:00:01]} Bxf5 {[%emt 0:00:01]} 10. O-O {[%emt 0:00:03]} Nxd3 {[%emt 0:00:01]} 11. Bxb7 {[%emt 0:00:01]} h5 {[%emt 0:00:04]} 12. Nb5 {[%emt 0:00:03]} Rb8 {[%emt 0:00:03]} 13. Qa4 {[%emt 0:00:09]} h4 {[%emt 0:00:03]} 14. Nxd6+ {[%emt 0:00:02]} Ke7 {[%emt 0:00:00]} 15. Nxf5+ {[%emt 0:00:01]} gxf5 {[%emt 0:00:01]} 16. Be4 {[%emt 0:00:02]} fxe4 {[%emt 0:00:01]} 17. Bg5+ {[%emt 0:00:02]} Bf6 {[%emt 0:00:03]} 18. c5 {[%emt 0:00:07]} Bxg5 {[%emt 0:00:02]} 19. Qxe4 {[%emt 0:00:00]} Rb2 {[%emt 0:00:03]} 20. Rad1 {[%emt 0:00:02]} Nf6 {[%emt 0:00:10]} 21. Qh7+ {[%emt 0:00:01]} Rxh7 {[%emt 0:00:01]} 22. Rfe1 {[%emt 0:00:01]} Rxe2 {[%emt 0:00:01]} 23. Rxe2 {[%emt 0:00:00]} Qd5 {[%emt 0:00:01]} 24. Rxd3 {[%emt 0:00:02]} Qxd3 {[%emt 0:00:01]} 25. Rxe5+ {[%emt 0:00:00]} Kd7 {[%emt 0:00:01]} 26. Rxg5 {[%emt 0:00:01]} Qd1+ {[%emt 0:00:01]} 27. Kg2 {[%emt 0:00:00]} h3# {[%emt 0:00:01] (Lag: Av=0.07s, max=0.7s)} 0-1

[Event "Test Tournament"]
[Site "Emanuel Lasker Arena"]
[Date "2024.04.09"]
[Round "3"]
[White "Melancholia"]
[Black "Brutus"]
[Result "*"]
[WhiteElo "1620"]
[BlackElo "2041"]
[Annotator "RC"]
[PlyCount "28"]
[EventDate "2024.04.09"]
[EventType "swiss (blitz)"]

{Melancholia resigns Brutus resigns} 1. e4 {[%emt 0:00:02]} e5 {[%emt 0:00:01]} 2. Nf3 {[%emt 0:00:01]} Nc6 {[%emt 0:00:01]} 3. Bb5 {[%emt 0:00:01]} a6 {[%emt 0:00:01]} 4. Ba4 {[%emt 0:00:01]} d6 {[%emt 0:00:01]} 5. O-O {[%emt 0:00:01]} Bd7 {[%emt 0:00:01]} 6. d4 {[%emt 0:00:01]} Nge7 {[%emt 0:00:01]} 7. c3 {[%emt 0:00:01]} Ng6 {[%emt 0:00:04]} 8. Be3 {[%emt 0:00:03]} Be7 {[%emt 0:00:01]} 9. d5 {[%emt 0:00:03]} Nb8 {[%emt 0:00:00]} 10. Qb3 {[%emt 0:00:04]} b5 {[%emt 0:00:01]} 11. Na3 {[%emt 0:00:06]} O-O {[%emt 0:00:01]} 12. Qb4 {[%emt 0:00:03]} a5 {[%emt 0:00:01]} 13. Nxb5 {[%emt 0:00:13]} axb4 {[%emt 0:00:01]} 14. b3 {[%emt 0:00:01]} Rxa4 {[%emt 0:00:01]} *